| 000 | 01486nam a2200325 a 4500 | ||
|---|---|---|---|
| 001 | ebr10476082 | ||
| 003 | CaPaEBR | ||
| 006 | m u | ||
| 007 | cr cn||||||||| | ||
| 008 | 100511s2011 mauad sb 001 0 eng d | ||
| 010 | _z 2010018803 | ||
| 020 | _z9780262015042 (hardcover : alk. paper) | ||
| 020 | _z9780262295697 (e-book) | ||
| 040 |
_aCaPaEBR _cCaPaEBR |
||
| 035 | _a(OCoLC)727944817 | ||
| 050 | 1 | 4 |
_aQP376.6 _b.A84 2011eb |
| 082 | 0 | 4 |
_a616.07/548 _222 |
| 100 | 1 | _aAshby, F. Gregory. | |
| 245 | 1 | 0 |
_aStatistical analysis of fMRI data _h[electronic resource] / _cF. Gregory Ashby. |
| 260 |
_aCambridge, Mass. : _bMIT Press, _cc2011. |
||
| 300 |
_axiii, 332 p. : _bill. |
||
| 504 | _aIncludes bibliographical references and index. | ||
| 505 | 0 | _aData formats -- Modeling the bold response -- Preprocessing -- The general linear model -- The multiple comparisons problem -- Group analyses -- Coherence analysis -- Granger causality -- Principal components analysis -- Independent component analysis -- Other methods. | |
| 533 |
_aElectronic reproduction. _bPalo Alto, Calif. : _cebrary, _d2011. _nAvailable via World Wide Web. _nAccess may be limited to ebrary affiliated libraries. |
||
| 650 | 0 | _aMagnetic resonance imaging. | |
| 650 | 0 | _aBrain mapping. | |
| 655 | 7 |
_aElectronic books. _2local |
|
| 710 | 2 | _aebrary, Inc. | |
| 856 | 4 | 0 |
_uhttp://site.ebrary.com/lib/rucke/Doc?id=10476082 _zAn electronic book accessible through the World Wide Web; click to view |
| 999 |
_c216122 _d216122 |
||